| 000 | 00000nam##2200000za#4500 |
| 001 | 9.606921 |
| 003 | CaOODSP |
| 005 | 20210624212851 |
| 007 | cr ||||||||||| |
| 008 | 150406|1989||||xxc|||||o f|0| 0 fre|d |
| 040 | |aCaOODSP|bfre |
| 043 | |an-cn--- |
| 086 | 1 |aEn49-4/3-5F-PDF |
| 110 | 1 |aCanada. |bEnvironnement Canada. |bService de la protection de l'environnement. |
| 245 | 10|aÉvaluation des installations mobiles et fixes de destruction des biphényles polychlorés (BPC) / |h[ressource électronique]|cpar P. Piersol. |
| 260 | |aOttawa - Ontario : |bEnvironnement Canada. |cMai 1989. |
| 300 | |a40, 92p.|bréférences, tableaux |
| 490 | 1 |aSérie de la Protection de l'environnement. Déchets dangereux|vSPE 3/HA/5 |
| 500 | |aLe n° de catalogue (En49-4/3-5F) et l'ISBN (0-662-95458-0) de l'édition imprimée ont été copiés dans l'édition électronique. |
| 590 | |a14-21-Supp|b2014-12-11 |
| 691 | 07|aDéchets dangereux|2gcpds |
| 775 | 08|tThe evaluation of mobile and stationary facilities for the destruction of PCBs / |w(CaOODSP)9.579458 |
| 830 | #0|aSérie de la Protection de l'environnement. Déchets dangereux ;|vSPE 3/HA/5|w(CaOODSP)9.504214 |
| 856 | 40|ahttp://publications.gc.ca|qPDF|s1.61 Mo|uhttps://publications.gc.ca/collections/collection_2014/ec/En49-4-3-5-1-fra.pdf |
| 856 | 40|ahttp://publications.gc.ca|qPDF|s2.58 Mo|uhttps://publications.gc.ca/collections/collection_2014/ec/En49-4-3-5-2-fra.pdf|ySPE 3/HA/5 |